| 000 | 00959nam a2200229 i 4500 | ||
|---|---|---|---|
| 001 | bg | ||
| 100 | 1 | _aKUDRYCKA, Izabela | |
| 245 | 1 | 0 |
_aMożliwości pozyskiwania dochodów przez poszczególne grupy społeczne - zmiany w rozkładach dochodów i prognozy / _cIzabela Kudrycka, Małgorzata Radziukiewicz. |
| 260 |
_aWarszawa : _bIRiSS, _c1998. |
||
| 300 |
_a120 s. : _bwykr. ; _c25 cm. |
||
| 490 | 1 |
_aRaporty / Instytut Rozwoju i Studiów Strategicznych, _x1230-2848 ; _v75 |
|
| 500 | _aPubl. w ramach proj. badawczego "Długofalowa wizja nowoczesnego rozwoju gospodarki Polski". | ||
| 650 | 9 |
_aDochód _xbadanie _xstatystyka _yod 1989 r. |
|
| 650 | 9 |
_aDochód _xprognozy _zPolska _yod 1989 r. |
|
| 700 | 1 | _aRADZIUKIEWICZ, Małgorzata | |
| 830 | 0 |
_aRaporty (Instytut Rozwoju i Studiów Strategicznych) ; _v75 |
|
| 040 | _cBPK | ||
| 041 | 0 |
_apl _bpl |
|
| 080 | _a330.567.28(083.41)(438)"1989/..." | ||
| 942 | _cKS | ||
| 008 | s pl f |000 0 pol | ||
| 999 |
_c33655 _d33655 |
||
| 856 |
_uhttp://koha.tu.koszalin.pl/cgi-bin/koha/opac-detail.pl?biblionumber=33655 _yKatalog online BPK |
||